| 000 | 00346 a2200133 4500 | ||
|---|---|---|---|
| 001 | 71385 | ||
| 082 | _a531.1133 QUR | ||
| 090 |
_c38759 _d38759 |
||
| 100 | _aS.A Qurashi | ||
| 245 |
_aWaves & Oscillations for BSc Students (New Edition), 2/e _hEnglish |
||
| 250 | _a2 | ||
| 260 |
_aLahore _bSh.Ghulam Ali & Sons _c1971 |
||
| 300 | _a231p | ||
| 942 |
_aCAE NUST _cTXT _k531.1133 QUR |
||
| 999 |
_c306458 _d306458 |
||